Экспресс-метод определения содержания пыли; Прогрессивные технологии, конструкции и системы в приборо- и машиностроении; Т. 1

Bibliografski detalji
Parent link:Прогрессивные технологии, конструкции и системы в приборо- и машиностроении: материалы всероссийской научно-технической конференции, [2-4 декабря 2003 г.].— , 2003
Т. 1.— 2003.— С. 228
Daljnji autori: Мышкин В. Ф. Вячеслав Фёдорович, Цимбал В. Н., Власов В. А. Виктор Алексеевич, Борисов В. А. Валентин Александрович, Вдовин А. М., Чернов Д. Г.
Sažetak:В фонде НТБ ТПУ отсутствует
Jezik:ruski
Izdano: 2003
Teme:
Format: Poglavlje knjige
KOHA link:https://koha.lib.tpu.ru/cgi-bin/koha/opac-detail.pl?biblionumber=600696

MARC

LEADER 00000naa0a2200000 4500
001 600696
005 20250205135517.0
035 |a (RuTPU)RU\TPU\tpu\25234 
035 |a RU\TPU\tpu\25233 
090 |a 600696 
100 |a 20140530d2003 k y0rusy50 ca 
101 0 |a rus 
102 |a RU 
200 1 |a Экспресс-метод определения содержания пыли  |f В. Ф. Мышкин [и др.] 
333 |a В фонде НТБ ТПУ отсутствует 
461 |t Прогрессивные технологии, конструкции и системы в приборо- и машиностроении  |o материалы всероссийской научно-технической конференции, [2-4 декабря 2003 г.]  |d 2003 
463 |t Т. 1  |v С. 228  |d 2003 
610 1 |a труды учёных ТПУ 
701 1 |a Мышкин  |b В. Ф.  |c физик  |c профессор Томского политехнического университета, доктор физико-математических наук  |f 1962-  |g Вячеслав Фёдорович  |3 (RuTPU)RU\TPU\pers\26858  |9 12476 
701 1 |a Цимбал  |b В. Н. 
701 1 |a Власов  |b В. А.  |c российский ученый в области физики и химии плазмы, молекулярной физики  |c профессор Томского политехнического университета  |f 1958-  |g Виктор Алексеевич  |3 (RuTPU)RU\TPU\pers\26576 
701 1 |a Борисов  |b В. А.  |c специалист в области военного дела  |c Заместитель начальника военной кафедры Томского политехнического университета  |f 1957-  |g Валентин Александрович  |3 (RuTPU)RU\TPU\pers\32128 
701 1 |a Вдовин  |b А. М. 
701 1 |a Чернов  |b Д. Г. 
801 1 |a RU  |b 63413507  |c 20140320 
801 2 |a RU  |b 63413507  |c 20140530  |g RCR 
942 |c BK